Normal view
MARC view
Entry Personal Name
001 - CONTROL NUMBER
- control field: 11353
003 - CONTROL NUMBER IDENTIFIER
- control field: dpl
005 - DATE AND TIME OF LATEST TRANSACTION
- control field: 20100811162255.0
008 - FIXED-LENGTH DATA ELEMENTS
- fixed length control field: 100811|||a|||||| | ||| d
040 ## - CATALOGING SOURCE
- Original cataloging agency: dpl
- Transcribing agency: dpl
100 ## - HEADING--PERSONAL NAME
- Personal name: Murugan, V.
670 ## - SOURCE DATA FOUND
- Source citation: Work cat.: (dpl): Murugan, V., World leaders historical visit to India /, 2008
670 ## - SOURCE DATA FOUND
- Source citation: Work cat.: (dpl): Murugan, V., World leaders historical visit to India /, 2008
